000 00994nam a2200265 i 4500
001 000021602
003 DO-SdBNP
005 20240524155212.0
007 ta
008 100909s1992 dr ac r 001 0 spa d
040 _aDO-SdBNP
_bspa
_cBNPHU
_erda
082 4 _a923.8
_bF825m
_222
245 0 0 _aA la memoria de Román Franco Fondeur con motivo del 72 aniversario de su nacimiento 1920-1992 /
_ceditor, Teófilo A. Gutiérrez.
264 _aSantiago de los Caballeros, República Dominicana :
_bTeófilo,
_c1992.
300 _a148 páginas :
_bilustraciones, retratos ;
_c22 cm.
336 _2rdacontent
_atexto
_btxt
337 _2rdamedia
_asin mediación
_bn
338 _2rdacarrier
_avolumen
_bnc
590 _aInventariado, 2024/BT
600 1 4 _aFranco Fondeur, Román,
_d1920-1992,
_xHomenaje Póstumos
_944969
650 4 _aPeriodistas
_zRepública Dominicana
_933
700 1 _aGutiérrez, Teófilo A.,
_eeditor
_944970
910 _aValidado. Control de calidad EMS
942 _2ddc
_cLBS1
999 _c21101
_d21101